[Event "14th 4NCL Congress"]
[Site "Wokefield"]
[Date "2017.07.14"]
[Round "1"]
[Board "1"]
[White "Nandi, Robin J"]
[Black "Gregory, Keith Df"]
[Result "0-1"]
[WhiteElo "1827"]
[BlackElo "1985"]
[PlyCount "130"]
[EventDate "2017.07.14"]
[EventRounds "5"]
[EventCountry "ENG"]

1. d4 d6 2. e4 Nf6 3. Nc3 Nbd7 4. Nf3 e5 5. Bc4 h6 6. O-O c6 7. dxe5 dxe5 8.
Bxf7+ Kxf7 9. Nxe5+ Ke6 10. Ng6 Rg8 11. e5 Bc5 12. Nf4+ Kf7 13. exf6 Nxf6 14.
Qe2 b5 15. Nxb5 cxb5 16. Qxb5 g5 17. Qc4+ Kg7 18. Qxc5 gxf4 19. Bxf4 Re8 20.
Rfe1 Be6 21. Rad1 Qb6 22. Qxb6 axb6 23. a3 Bg4 24. f3 Rxe1+ 25. Rxe1 Bf5 26.
Re7+ Kg6 27. Rb7 Nd7 28. g4 Be6 29. c4 Rc8 30. b3 Rc6 31. Be3 Rd6 32. a4 Rd3
33. Bxb6 Rxb3 34. a5 Ne5 35. a6 Bc8 36. c5 Bxb7 37. axb7 Nc6 38. Kf2 Kf6 39. h4
Ke6 40. h5 Rb1 41. Ke3 Rb3+ 42. Kf4 Rb4+ 43. Ke3 Kd5 44. f4 Re4+ 45. Kf3 Re7
46. g5 hxg5 47. fxg5 Rf7+ 48. Kg4 Ne5+ 49. Kh4 Rxb7 50. g6 Ke6 51. Kg5 Rd7 52.
h6 Rd2 53. h7 Rg2+ 54. Kh5 Nxg6 55. c6 Kf7 56. c7 Rh2+ 57. Kg5 Ne7 58. Bc5 Nc8
59. Bd4 Rxh7 60. Be5 Ke6 61. Bg3 Rg7+ 62. Kh4 Kd7 63. Kh3 Rg8 64. Kg2 Na7 65.
Kf3 Nb5 0-1

[Event "14th 4NCL Congress"]
[Site "Wokefield"]
[Date "2017.07.14"]
[Round "1"]
[Board "2"]
[White "De Coverly, Roger D"]
[Black "Pollock, Andy"]
[Result "0-1"]
[WhiteElo "1971"]
[BlackElo "1795"]
[PlyCount "108"]
[EventDate "2017.07.14"]
[EventRounds "5"]
[EventCountry "ENG"]

1. e4 c6 2. d4 d5 3. e5 c5 4. Nf3 Nc6 5. dxc5 Bg4 6. c3 e6 7. b4 Bxf3 8. Qxf3
Nxe5 9. Bb5+ Nc6 10. Nd2 Nf6 11. O-O Be7 12. Bb2 O-O 13. Rad1 a5 14. a3 Na7 15.
Bd3 b6 16. cxb6 Qxb6 17. Nb3 Nc6 18. Qh3 Ne5 19. Bb1 Nc4 20. Bc1 axb4 21. axb4
Nd6 22. Be3 Qc7 23. Bd4 Nde4 24. f3 Ng5 25. Qg3 Qxg3 26. hxg3 Bd6 27. Be3 h6
28. g4 Ra3 29. Bc2 Rc8 30. Rc1 e5 31. Bf5 Rc6 32. Nc5 d4 33. Bxg5 hxg5 34. cxd4
exd4 35. Rfd1 Rc3 36. Ra1 Bxc5 37. bxc5 g6 38. Be4 Nxe4 39. fxe4 Rc4 40. Ra5
Kg7 41. Rd3 Kf6 42. Ra7 Ke6 43. Rf3 f6 44. Rb3 R4xc5 45. Rbb7 Ke5 46. Re7+ Kf4
47. Kh2 Rd6 48. Ra3 Rc3 49. Ra2 d3 50. Rf2+ Ke3 51. Rf3+ Kd2 52. e5 fxe5 53.
Rxe5 Kc2 54. Ree3 Rc4 0-1

[Event "14th 4NCL Congress"]
[Site "Wokefield"]
[Date "2017.07.14"]
[Round "1"]
[Board "3"]
[White "Collins, Jonathan L"]
[Black "Gawne, Martin P"]
[Result "1-0"]
[WhiteElo "1791"]
[BlackElo "1964"]
[PlyCount "106"]
[EventDate "2017.07.14"]
[EventRounds "5"]
[EventCountry "ENG"]

1. d4 e6 2. Nf3 d5 3. e3 Nf6 4. Bd3 Bd6 5. Nbd2 O-O 6. Ne5 c5 7. c3 Qc7 8. f4
Nc6 9. O-O Bd7 10. Qf3 Rfb8 11. Qh3 Bf8 12. g4 g6 13. g5 Ne8 14. Nxf7 e5 15.
Nh6+ Kg7 16. Qh4 e4 17. Be2 Ne7 18. f5 Nxf5 19. Nxf5+ Bxf5 20. c4 cxd4 21. exd4
Qd7 22. b3 Nc7 23. Bb2 Re8 24. cxd5 Nxd5 25. Nc4 Qe6 26. Ne5 Rac8 27. Bc4 Red8
28. Rae1 Kh8 29. Qg3 Bg7 30. Rf4 b5 31. Bxb5 Nxf4 32. Qxf4 Rc2 33. Bc4 Qe8 34.
Nf7+ Kg8 35. Nh6+ Kh8 36. Nf7+ Kg8 37. Nd6+ Rxc4 38. Nxe8 Rc2 39. Nf6+ Bxf6 40.
gxf6 Rxb2 41. Qc7 Rd7 42. Qc4+ Kf8 43. Re2 Rb1+ 44. Kg2 Rd1 45. Qb4+ Kf7 46.
Rd2 Rc1 47. Qa3 Rc6 48. b4 Kxf6 49. d5 Rcd6 50. Qc3+ Kg5 51. Qe5 Kh6 52. Kf2
Rb6 53. a3 Rb8 1-0

[Event "14th 4NCL Congress"]
[Site "Wokefield"]
[Date "2017.07.14"]
[Round "1"]
[Board "4"]
[White "Shaw, Meyrick"]
[Black "Hibbitt, Arthur M"]
[Result "1-0"]
[WhiteElo "1943"]
[BlackElo "1768"]
[PlyCount "113"]
[EventDate "2017.07.14"]
[EventRounds "5"]
[EventCountry "ENG"]

1. d4 g6 2. e4 Bg7 3. Nf3 c5 4. dxc5 Qa5+ 5. c3 Qxc5 6. Be3 Qc7 7. Nbd2 d6 8.
Bc4 e6 9. O-O Ne7 10. Nd4 a6 11. a4 Nbc6 12. Qe2 O-O 13. b4 Nxd4 14. Bxd4 Bd7
15. Rfc1 d5 16. exd5 Nxd5 17. Bxd5 exd5 {(=)} 18. Bxg7 Kxg7 19. Nf3 Rfe8 20.
Qd3 Qc4 21. Qd4+ Qxd4 22. Nxd4 Rac8 23. h3 Rc4 24. Nb3 b6 25. a5 b5 26. Nc5 Bc8
27. Kf1 d4 28. cxd4 Rxd4 29. Rab1 Rd2 30. Re1 Red8 31. Re7 Rc2 32. Rbe1 Rdd2
33. Ne4 Rd4 34. Ng5 Rd7 35. Nxf7 Rxe7 36. Rxe7 Kf6 37. Ra7 Rc1+ 38. Ke2 Rc2+
39. Ke3 Rb2 40. Nd6 Be6 41. Ne4+ Ke5 42. Nc5 Bc4 43. f4+ Kd5 44. Nxa6 Rb3+ 45.
Kf2 Rb2+ 46. Kf3 Bf1 47. Rxh7 Bxg2+ 48. Kg3 Bf1 49. Rd7+ Kc4 50. Rc7+ Kd4 51.
Rc1 Rb3+ 52. Kh4 Bxh3 53. Nc5 Re3 54. a6 Bf5 55. a7 Ra3 56. Nb3+ Ke4 57. Ra1
 1-0

[Event "14th 4NCL Congress"]
[Site "Wokefield"]
[Date "2017.07.14"]
[Round "1"]
[Board "5"]
[White "Coburn, Joseph A"]
[Black "Bennett, Dominic L"]
[Result "0-1"]
[WhiteElo "1755"]
[BlackElo "1941"]
[PlyCount "48"]
[EventDate "2017.07.14"]
[EventRounds "5"]
[EventCountry "ENG"]

1. e4 c5 2. f4 g6 3. Nf3 a6 4. d4 cxd4 5. Qxd4 Nf6 6. Bc4 Nc6 7. Qd3 d6 8. Ng5
e6 9. O-O Be7 10. f5 Ne5 11. Nxf7 Nxf7 12. Qb3 Ne5 13. Bxe6 Bxe6 14. fxe6 Qa5
15. Bf4 O-O 16. Bh6 Nfg4 17. Bxf8 Qc5+ 18. Kh1 Nf2+ 19. Rxf2 Qxf2 20. Nd2 Rxf8
21. Qxb7 Qxd2 22. Qxe7 Ng4 23. Qh4 Qf4 24. Qg3 Qf1+ 0-1

[Event "14th 4NCL Congress"]
[Site "Wokefield"]
[Date "2017.07.14"]
[Round "1"]
[Board "6"]
[White "Stimpson, Philip M"]
[Black "Piecha, Lukasz Marek"]
[Result "1-0"]
[WhiteElo "1937"]
[BlackElo "1752"]
[PlyCount "33"]
[EventDate "2017.07.14"]
[EventRounds "5"]
[EventCountry "ENG"]

1. e4 c5 2. Nc3 g6 3. f4 Bg7 4. Nf3 Nc6 5. Bb5 a6 6. Bxc6 bxc6 7. d3 d5 8. O-O
Bg4 9. Qe1 e6 10. Ne5 Bxe5 11. fxe5 g5 12. Qg3 Nh6 13. Rf6 Ng8 14. Bxg5 h6 15.
Rxe6+ Bxe6 16. Bxd8 Rxd8 17. Qg7 1-0

[Event "14th 4NCL Congress"]
[Site "Wokefield"]
[Date "2017.07.14"]
[Round "1"]
[Board "7"]
[White "Bovtramovics, Vladimirs"]
[Black "Ter-Gevorkian, Aram"]
[Result "1-0"]
[WhiteElo "1744"]
[BlackElo "1927"]
[PlyCount "105"]
[EventDate "2017.07.14"]
[EventRounds "5"]
[EventCountry "ENG"]

1. e4 Nf6 2. e5 Nd5 3. d4 d6 4. c4 Nb6 5. exd6 exd6 6. Nc3 Nc6 7. Be3 Bf5 8. a3
Be7 9. Nf3 Bf6 10. Be2 O-O 11. O-O Bg4 12. b3 d5 13. c5 Nc8 14. b4 N6e7 15. Qb3
c6 16. b5 Nf5 17. bxc6 bxc6 18. Qb7 Nce7 19. Ne5 Bxe2 20. Nxe2 Rb8 21. Qxa7
Bxe5 22. dxe5 Nxe3 23. fxe3 Ng6 24. e6 fxe6 25. Rxf8+ Nxf8 26. Rf1 Qe8 27. Nd4
Rc8 28. Qb7 Ng6 29. Rf7 Qxf7 30. Qxc8+ Nf8 31. Qxc6 Qg6 32. Qb5 Qe4 33. Qb3 Qh4
34. g3 Qd8 35. c6 e5 36. Qb7 exd4 37. c7 Qg5 38. c8=Q Qxe3+ 39. Kf1 Qf3+ 40.
Ke1 Qh1+ 41. Kd2 Qg2+ 42. Kc1 Qf1+ 43. Kb2 Qg2+ 44. Qc2 Qf3 45. Qb5 h6 46. Qcd3
Qg2+ 47. Kb3 Qh1 48. Qxd4 Qb1+ 49. Ka4 Qc2+ 50. Ka5 Ng6 51. Qdxd5+ Kh7 52. Qf5
Qc3+ 53. Ka4 1-0

[Event "14th 4NCL Congress"]
[Site "Wokefield"]
[Date "2017.07.14"]
[Round "1"]
[Board "8"]
[White "Ireland, David J"]
[Black "Wunderle, John P"]
[Result "0-1"]
[WhiteElo "1922"]
[BlackElo "1727"]
[PlyCount "62"]
[EventDate "2017.07.14"]
[EventRounds "5"]
[EventCountry "ENG"]

1. e4 e5 2. Nf3 Nc6 3. Bb5 Nf6 4. d3 Bc5 5. c3 d6 6. h3 h6 7. O-O a6 8. Ba4 b5
9. Bc2 Ba7 10. a4 Be6 11. Be3 b4 12. Nbd2 d5 13. Bxa7 Rxa7 14. d4 exd4 15. cxd4
dxe4 16. Nxe4 Nxe4 17. Bxe4 Bd5 18. Bxd5 Qxd5 19. Re1+ Kd8 20. Ne5 Nxe5 21.
Rxe5 Qd7 22. Qb3 Kc8 23. Qxb4 Rb7 24. Qc4 Rb6 25. Rc1 Kb7 26. Rc5 Rc8 27. b4
Rd6 28. d5 c6 29. b5 axb5 30. dxc6+ Rcxc6 31. Rxc6 bxc4 0-1

[Event "14th 4NCL Congress"]
[Site "Wokefield"]
[Date "2017.07.14"]
[Round "1"]
[Board "9"]
[White "Langham, Rod E"]
[Black "Tello, Yasser"]
[Result "0-1"]
[WhiteElo "1699"]
[BlackElo "1922"]
[PlyCount "78"]
[EventDate "2017.07.14"]
[EventRounds "5"]
[EventCountry "ENG"]

1. d4 e6 2. Bf4 Nf6 3. e3 c5 4. c3 d5 5. Nd2 Bd6 6. Bg3 Nc6 7. Ngf3 O-O 8. Bd3
b6 9. Ne5 Qc7 10. f4 Re8 11. Qf3 a6 12. Bh4 Be7 13. Qh3 g6 14. g4 Bb7 15. O-O
Rf8 16. Bg5 Nxe5 17. dxe5 Ne4 18. Nxe4 dxe4 19. Bxe7 Qxe7 20. Bc2 {(=)} b5 21.
g5 Bc6 22. Rfd1 Rfd8 23. Qg2 Qb7 24. Rd2 c4 25. Rad1 Rd3 26. Qf2 {(=)} Rad8 27.
a3 Qd7 28. Bxd3 exd3 29. Re1 Be4 30. h4 Kg7 31. Qh2 Rh8 32. Qg3 Qa7 33. Qf2 Qb7
34. Kh2 Qd7 35. Kg1 {(=)} Kg8 36. Kh2 Qd8 37. Kg1 h6 38. Rf1 hxg5 39. fxg5
Qxg5+ 0-1

[Event "14th 4NCL Congress"]
[Site "Wokefield"]
[Date "2017.07.14"]
[Round "1"]
[Board "10"]
[White "Tart, Peter K"]
[Black "Lovell, William Pm"]
[Result "1-0"]
[WhiteElo "1914"]
[BlackElo "1678"]
[PlyCount "61"]
[EventDate "2017.07.14"]
[EventRounds "5"]
[EventCountry "ENG"]

1. e4 c6 2. d4 d5 3. exd5 cxd5 4. Bd3 Nc6 5. c3 Qc7 6. Bg5 g6 7. h3 Bg7 8. Nf3
Nf6 9. Na3 a6 10. Nc2 Bf5 11. Ne3 Bxd3 12. Bxf6 Bxf6 13. Nxd5 Qd6 14. Nxf6+
Qxf6 15. Qxd3 Rd8 16. O-O O-O 17. Rfe1 Rfe8 18. Qe4 e6 19. Rad1 Rd7 20. d5 Red8
21. c4 Nb4 22. Ne5 Rd6 23. Ng4 Qg7 24. a3 Nc6 25. Qf3 exd5 26. Rxd5 h5 27. Rxd6
Rxd6 28. Re8+ Kh7 29. Ne3 Rd2 30. Nd5 Rxb2 31. Nf6+ 1-0

[Event "14th 4NCL Congress"]
[Site "Wokefield"]
[Date "2017.07.14"]
[Round "1"]
[Board "12"]
[White "Wolf, Gabriel"]
[Black "Dray-Pearce, Tristan"]
[Result "1-0"]
[WhiteElo "1890"]
[BlackElo "1633"]
[PlyCount "75"]
[EventDate "2017.07.14"]
[EventRounds "5"]
[EventCountry "ENG"]

1. d4 Nf6 2. c4 g6 3. Nc3 Bg7 4. e4 d6 5. Nf3 O-O 6. Be2 e5 7. O-O Nc6 8. d5
Ne7 9. b4 Nd7 10. Ba3 b6 11. Rc1 a5 12. c5 axb4 13. cxd6 cxd6 14. Bxb4 Nc5 15.
Nd2 Bh6 16. Rb1 Bxd2 17. Qxd2 f5 18. f3 f4 19. Qb2 Bd7 20. Bxc5 bxc5 21. Qb6
Qb8 22. Qb7 Qd8 23. Qb6 Qb8 24. Rb2 Qxb6 25. Rxb6 Nc8 26. Rb7 Ra7 27. Rxa7 Nxa7
28. Rb1 Nc8 29. Rb7 Rd8 30. a4 Ne7 31. a5 Kf8 32. a6 Bc8 33. Rc7 Bxa6 34. Bxa6
Ra8 35. Be2 g5 36. Nb5 Nc8 37. Rxh7 Ke8 38. Nc7+ 1-0

[Event "14th 4NCL Congress"]
[Site "Wokefield"]
[Date "2017.07.14"]
[Round "1"]
[Board "13"]
[White "Beckett, Richard"]
[Black "Burrows, Nick"]
[Result "1/2-1/2"]
[WhiteElo "1620"]
[BlackElo "1888"]
[PlyCount "80"]
[EventDate "2017.07.14"]
[EventRounds "5"]
[EventCountry "ENG"]

1. e4 c6 2. d4 d5 3. exd5 cxd5 4. c4 Nf6 5. c5 Nc6 6. Bb5 g6 7. Nc3 Bg7 8. b4
O-O 9. Bxc6 bxc6 10. Nf3 Ne4 11. Na4 Ba6 12. Bf4 f6 13. Qb3 e5 14. Be3 Bc4 15.
Qc2 Bb5 16. Nc3 Nxc3 17. Qxc3 a5 18. a3 axb4 19. axb4 Qe7 20. Kd2 e4 21. Ne1
Rxa1 22. Qxa1 f5 23. g3 Qb7 24. Nc2 Bd3 25. Qc3 h6 26. h4 Rb8 27. Rb1 Qb5 28.
Ra1 Bxc2 29. Kxc2 Qxb4 30. Qxb4 Rxb4 31. Ra6 Bxd4 32. Rxc6 Rc4+ 33. Kd2 Kf7 34.
Rc7+ Ke8 35. c6 Kd8 36. Rd7+ Kc8 37. Rxd5 {(=)} Bxe3+ 38. Kxe3 Rxc6 39. h5 Rc3+
40. Ke2 Rc2+ 1/2-1/2

[Event "14th 4NCL Congress"]
[Site "Wokefield"]
[Date "2017.07.14"]
[Round "1"]
[Board "14"]
[White "David, Ivan"]
[Black "Ross, Stuart"]
[Result "0-1"]
[WhiteElo "1887"]
[BlackElo "1619"]
[PlyCount "36"]
[EventDate "2017.07.14"]
[EventRounds "5"]
[EventCountry "ENG"]

1. e4 c5 2. d4 cxd4 3. c3 dxc3 4. Nxc3 Nc6 5. Nf3 d6 6. Bc4 e6 7. O-O Nf6 8.
Qe2 Be7 9. Rd1 e5 10. h3 O-O 11. Be3 Be6 12. Bb5 Qc7 13. Rac1 Rac8 14. Nd5 Qd8
15. Nxf6+ Bxf6 16. Bxc6 bxc6 17. Bxa7 Qe7 18. b3 Qxa7 0-1

[Event "14th 4NCL Congress"]
[Site "Wokefield"]
[Date "2017.07.14"]
[Round "1"]
[Board "15"]
[White "Di-Vetta, Andrew"]
[Black "Portman, Carl S"]
[Result "0-1"]
[WhiteElo "1605"]
[BlackElo "1887"]
[PlyCount "80"]
[EventDate "2017.07.14"]
[EventRounds "5"]
[EventCountry "ENG"]

1. c4 e6 2. Nf3 f5 3. d4 Nf6 4. a3 b6 5. Nc3 Bb7 6. Bf4 Be7 7. h3 O-O 8. e3 Ne4
9. Qc2 d6 10. Bd3 Nxc3 11. Qxc3 Nd7 12. Rg1 Bf6 13. Qc2 e5 14. Bxf5 exf4 15.
Bxh7+ Kh8 16. O-O-O fxe3 17. fxe3 Qe7 18. Rde1 Rae8 19. e4 Bg5+ 20. Kb1 Kxh7
21. e5+ Kg8 22. e6 Nb8 23. d5 c6 24. Qg6 Bh6 25. Rd1 cxd5 26. cxd5 Qf6 27. Qd3
Qf5 28. Rge1 Qxd3+ 29. Rxd3 Na6 30. Red1 Nc7 31. Nh4 Bxd5 32. Rxd5 Nxd5 33.
Rxd5 Rxe6 34. Nf3 Rc8 35. g4 Bf4 36. Nh4 Rc1+ 37. Ka2 Be5 38. Nf3 Rc2 39. Nd4
Bxd4 40. Rxd4 Rh2 0-1

[Event "14th 4NCL Congress"]
[Site "Wokefield"]
[Date "2017.07.14"]
[Round "1"]
[Board "16"]
[White "Dydak, Mateusz"]
[Black "Brown, Geoffrey D"]
[Result "1-0"]
[WhiteElo "1882"]
[BlackElo "1565"]
[PlyCount "69"]
[EventDate "2017.07.14"]
[EventRounds "5"]
[EventCountry "ENG"]

1. f4 d5 2. Nf3 c5 3. d3 Nf6 4. g3 Nc6 5. Bg2 Qc7 6. c3 e5 7. fxe5 Nxe5 8. Nxe5
Qxe5 9. Bf4 Qe6 10. O-O Bd6 11. Nd2 O-O 12. Bxd6 Qxd6 13. e4 Bg4 14. Rxf6 Qxf6
15. Qxg4 d4 16. c4 Rae8 17. Nf3 Qb6 18. b3 Re6 19. Nh4 Kh8 20. Rf1 Rf6 21. Re1
Qa5 22. Qe2 b5 23. cxb5 Qxb5 24. e5 Ra6 25. Bd5 Qe8 26. Bc4 Rb6 27. Nf5 Rg6 28.
Qe4 Qb8 29. Nd6 f5 30. Qd5 h5 31. Nf7+ Kh7 32. Qf3 Qe8 33. Qxf5 h4 34. Re4 Qe7
35. Rg4 1-0

[Event "14th 4NCL Congress"]
[Site "Wokefield"]
[Date "2017.07.14"]
[Round "1"]
[Board "17"]
[White "Golding, William"]
[Black "Rahman, K Azizur"]
[Result "0-1"]
[WhiteElo "1517"]
[BlackElo "1882"]
[PlyCount "70"]
[EventDate "2017.07.14"]
[EventRounds "5"]
[EventCountry "ENG"]

1. d4 e5 2. dxe5 Nc6 3. Nf3 Qe7 4. Bf4 Qb4+ 5. Nc3 Qxf4 6. Nd5 Qe4 7. Nxc7+ Kd8
8. Nxa8 Nxe5 9. Nxe5 Qxe5 10. c3 Qb8 11. e4 Qxa8 12. Bc4 b6 13. Qf3 Nf6 14.
O-O-O Qxe4 15. Bxf7 Qxf3 16. gxf3 Bc5 17. Rhg1 g6 18. Rd2 Rf8 19. Bc4 Bb7 20.
b4 Be7 21. Rd3 Kc7 22. Re1 Bd6 23. h3 Re8 24. Rxe8 Nxe8 25. Bd5 Ba6 26. Rd4 Nf6
27. Bb3 Be5 28. Rd1 Bxc3 29. a3 Be2 30. Rg1 Bd4 31. Kd2 Bxf3 32. Rc1+ Kd6 33.
Kd3 Bb2 34. Rc4 Bd5 35. Rc2 Be4+ 0-1

[Event "14th 4NCL Congress"]
[Site "Wokefield"]
[Date "2017.07.14"]
[Round "1"]
[Board "18"]
[White "Jacob, Sydney J"]
[Black "Hurst, Eddie"]
[Result "0-1"]
[WhiteElo "1876"]
[BlackElo "1465"]
[PlyCount "156"]
[EventDate "2017.07.14"]
[EventRounds "5"]
[EventCountry "ENG"]

1. d4 c6 2. e4 d5 3. e5 c5 4. c3 Nc6 5. Nf3 cxd4 6. cxd4 Bg4 7. Be2 e6 8. Nbd2
Nge7 9. O-O Nf5 10. h3 Bxf3 11. Nxf3 Qb6 12. Be3 Be7 13. g4 Nxe3 14. fxe3 Qxb2
15. Rb1 Qxa2 16. Rxb7 a6 17. Qd2 Qxd2 18. Nxd2 O-O 19. Rc1 Bg5 20. Kf2 Nxd4 21.
exd4 Bxd2 22. Rc2 Bg5 23. Rc3 Bh4+ 24. Kg2 a5 25. Bb5 Rfc8 26. Rf3 Rf8 27. Bd7
Rab8 28. Ra7 Be1 29. g5 Ra8 30. Rc7 Bh4 31. Bc6 Rac8 32. Rxc8 Rxc8 33. Bd7 Rb8
34. Ra3 Ra8 35. Rb3 Bxg5 36. Bc6 Rd8 37. Kf3 Bd2 38. Ke2 Bb4 39. Ba4 Rc8 40.
Kd3 g6 41. Bd7 Rc7 42. Bb5 Kg7 43. Ba4 Rc1 44. Bb5 Rh1 45. Kc2 Rh2+ 46. Kc1 h5
47. Rf3 Rd2 48. Be8 Rxd4 49. Rxf7+ Kg8 50. Rf6 Rh4 51. Bf7+ Kg7 52. Bxe6 Bc3
53. Rf7+ Kh6 54. Bxd5 Bxe5 55. Re7 Bf4+ 56. Kc2 Rxh3 57. Ra7 Rh2+ 58. Kd3 Bd2
59. Ra6 Bb4 60. Ke4 Rd2 61. Ke5 Bc3+ 62. Ke6 Rf2 63. Ke7 Kg7 64. Ra8 Bb4+ 65.
Kd7 Rf8 66. Ra7 Kh6 67. Ra6 Kg5 68. Rb6 Rf6 69. Be6 Rf2 70. Rb5+ Kh6 71. Rb6
Rd2+ 72. Ke8 Rd6 73. Rxd6 Bxd6 74. Kf7 g5 75. Kf6 a4 76. Kf5 Bf4 77. Bf7 h4 78.
Kg4 Kg7 0-1

[Event "14th 4NCL Congress"]
[Site "Wokefield"]
[Date "2017.07.14"]
[Round "1"]
[Board "19"]
[White "Hammond, Benjamin"]
[Black "Goodfellow, Russell R"]
[Result "0-1"]
[WhiteElo "1462"]
[BlackElo "1848"]
[PlyCount "86"]
[EventDate "2017.07.14"]
[EventRounds "5"]
[EventCountry "ENG"]

1. e4 c5 2. d4 cxd4 3. c3 dxc3 4. Nxc3 Nc6 5. Nf3 e6 6. Bg5 Qc7 7. Rc1 a6 8.
Be2 h6 9. Bh4 Bd6 10. O-O Bf4 11. Bg3 Bxg3 12. fxg3 Nf6 13. Qb3 Qa5 14. a3 O-O
15. Qc4 Qb6+ 16. Kh1 Ng4 17. Nd1 d6 18. h3 Nge5 19. Nxe5 Nxe5 20. Qc2 Bd7 21.
Nc3 Rfd8 22. Rf4 Qe3 23. Kh2 Rac8 24. Rcf1 Be8 25. Bd1 b5 26. Qf2 Qxf2 27.
R4xf2 Nd3 28. Rd2 Nxb2 29. Ne2 Nc4 30. Rd3 Ne5 31. Rd2 Rc4 32. Rf4 g5 33. Rf2
Rxe4 34. Nc3 Rc4 35. Nb1 Rc1 36. Bc2 Rc8 37. g4 d5 38. Kg3 Nc4 39. Rde2 d4 40.
h4 Ne3 41. Bd3 Bc6 42. Nd2 Rc3 43. Be4 Nf1# 0-1

[Event "14th 4NCL Congress"]
[Site "Wokefield"]
[Date "2017.07.14"]
[Round "1"]
[Board "20"]
[White "Gibbs, Dominic V"]
[Black "Wiratunga, Jenith Ay"]
[Result "1-0"]
[WhiteElo "1838"]
[BlackElo "1412"]
[PlyCount "105"]
[EventDate "2017.07.14"]
[EventRounds "5"]
[EventCountry "ENG"]

1. e4 c5 2. Nc3 Nc6 3. Bb5 g6 4. Bxc6 bxc6 5. f4 Bg7 6. Nf3 Nf6 7. O-O O-O 8.
d3 d5 9. Qe1 Re8 10. Qh4 h5 11. f5 gxf5 12. e5 Nd7 13. Qxh5 f6 14. Bh6 Nf8 15.
Bxg7 Kxg7 16. exf6+ exf6 17. Nh4 Re5 18. Nxf5+ Bxf5 19. Rxf5 Rxf5 20. Qxf5 Rb8
21. b3 Qd7 22. Qf2 Qd6 23. Re1 Ne6 24. Ne2 Rh8 25. Ng3 Kf7 26. Rf1 Ng5 27. Qf4
Qxf4 28. Rxf4 d4 29. Rf5 Ne6 30. Ne4 Rh6 31. g4 Rg6 32. h3 Ng5 33. Nxg5+ Rxg5
34. Rxg5 fxg5 35. Kg2 Ke6 36. Kg3 Ke5 37. h4 Kf6 38. hxg5+ Kxg5 39. Kf3 a6 40.
Kg3 a5 41. Kf3 Kg6 42. Kf4 Kf6 43. g5+ Kg6 44. Kg4 Kg7 45. Kf5 Kf7 46. g6+ Kg7
47. Kg5 Kg8 48. Kf6 Kf8 49. g7+ Kg8 50. a3 c4 51. bxc4 c5 52. a4 Kh7 53. Kf7
 1-0

[Event "14th 4NCL Congress"]
[Site "Wokefield"]
[Date "2017.07.15"]
[Round "2"]
[Board "1"]
[White "Gregory, Keith Df"]
[Black "Goodfellow, Russell R"]
[Result "1-0"]
[WhiteElo "1985"]
[BlackElo "1848"]
[PlyCount "89"]
[EventDate "2017.07.14"]
[EventRounds "5"]
[EventCountry "ENG"]

1. Nf3 e6 2. g3 f5 3. Bg2 Nf6 4. O-O Be7 5. c4 O-O 6. b3 d6 7. d3 Qe8 8. Nc3 e5
9. e3 h6 10. Ne1 c6 11. Nc2 Nbd7 12. b4 Nb6 13. a4 Bd7 14. a5 Nc8 15. a6 bxa6
16. Rxa6 Nb6 17. b5 d5 18. Ba3 Bxa3 19. Nxa3 Bc8 20. bxc6 Qxc6 21. Ra5 Be6 22.
Qa1 e4 23. Nab5 exd3 24. Nd4 Qd7 25. Nxe6 Qxe6 26. Nxd5 Nfxd5 27. cxd5 Qd7 28.
Qd4 d2 29. Ra2 Kh8 30. Rfa1 Rac8 31. Qxd2 Rc7 32. h4 Rd8 33. Rd1 Qd6 34. Ra6 g6
35. Qa2 Rdd7 36. Qa1+ Kh7 37. Qb1 h5 38. Qa1 Qc5 39. d6 Rxd6 40. Rxd6 Qxd6 41.
Rxa7 Nc8 42. Ra6 Qe7 43. Qe1 Nd6 44. Qb4 Qd7 45. Qb1 {{time}} 1-0

[Event "14th 4NCL Congress"]
[Site "Wokefield"]
[Date "2017.07.15"]
[Round "2"]
[Board "2"]
[White "Pollock, Andy"]
[Black "Shaw, Meyrick"]
[Result "0-1"]
[WhiteElo "1795"]
[BlackElo "1943"]
[PlyCount "100"]
[EventDate "2017.07.14"]
[EventRounds "5"]
[EventCountry "ENG"]

1. d4 Nf6 2. Nf3 d5 3. c3 e6 4. Bf4 c5 5. e3 Nc6 6. Nbd2 Be7 7. Bd3 Nh5 8. Bg3
h6 9. Ne5 Nxg3 10. hxg3 Nxe5 11. dxe5 Qc7 12. Nf3 Bd7 13. Qe2 Bc6 14. e4 dxe4
15. Bxe4 a6 16. a4 b6 17. O-O Qb7 18. Nd2 O-O 19. Rfd1 Rfd8 20. Bxc6 Qxc6 21.
Nc4 Rd5 22. Rxd5 exd5 23. Qf3 Rc8 24. Ne3 d4 25. Qxc6 Rxc6 26. Nd5 Bf8 27. cxd4
cxd4 28. Rd1 Rc2 29. b3 Rb2 30. Rd3 Bc5 31. f4 a5 32. Kh2 Re2 33. Nc7 Re3 34.
Rd2 Rxb3 35. e6 fxe6 36. Nxe6 Rb4 37. Ra2 d3 38. f5 Be3 39. Nf4 d2 40. Ra1 Rxa4
41. Rd1 Bxf4 42. gxf4 Rd4 43. Kg3 Kf7 44. Kf3 Kf6 45. g4 h5 46. gxh5 Kxf5 47.
Ke3 Rd6 48. Ke2 Kxf4 49. Rf1+ Kg5 50. Kd1 Kxh5 0-1

[Event "14th 4NCL Congress"]
[Site "Wokefield"]
[Date "2017.07.15"]
[Round "2"]
[Board "3"]
[White "Bennett, Dominic L"]
[Black "Gibbs, Dominic V"]
[Result "1/2-1/2"]
[WhiteElo "1941"]
[BlackElo "1838"]
[PlyCount "54"]
[EventDate "2017.07.14"]
[EventRounds "5"]
[EventCountry "ENG"]

1. Nf3 g6 2. c4 Bg7 3. Nc3 Nf6 4. g3 O-O 5. Bg2 d6 6. O-O Nc6 7. Rb1 a5 8. d3
h6 9. a3 e5 10. Re1 Be6 11. b3 Qd7 12. Nd2 Bh3 13. Bh1 Ng4 14. Nf1 f5 15. Nd5
f4 16. f3 Nf6 17. e4 {(=)} Nxd5 18. cxd5 Nd4 19. Bb2 Bxf1 20. Rxf1 fxg3 21.
hxg3 Qh3 22. Qe1 Nxb3 23. Bg2 Qd7 24. Bxe5 Bxe5 25. Rxb3 b6 26. f4 Bd4+ 27. Kh2
Qa4 1/2-1/2

[Event "14th 4NCL Congress"]
[Site "Wokefield"]
[Date "2017.07.15"]
[Round "2"]
[Board "4"]
[White "Wunderle, John P"]
[Black "Stimpson, Philip M"]
[Result "1/2-1/2"]
[WhiteElo "1727"]
[BlackElo "1937"]
[PlyCount "41"]
[EventDate "2017.07.14"]
[EventRounds "5"]
[EventCountry "ENG"]

1. e4 d5 2. exd5 Nf6 3. c4 e6 4. dxe6 Bxe6 5. Nf3 Qe7 6. Qe2 Nc6 7. d4 Bg4 8.
Qxe7+ Bxe7 9. Be3 O-O-O 10. d5 Nb4 11. Na3 Bxf3 12. gxf3 Rhe8 13. Be2 Bc5 14.
Kd2 Nfxd5 15. Bxc5 Nf4+ 16. Kc3 Rxe2 17. Rad1 Nbd3 18. Be3 g5 19. Bxf4 Nxf4 20.
Rxd8+ Kxd8 21. Rd1+ 1/2-1/2

[Event "14th 4NCL Congress"]
[Site "Wokefield"]
[Date "2017.07.15"]
[Round "2"]
[Board "5"]
[White "Tello, Yasser"]
[Black "Collins, Jonathan L"]
[Result "1-0"]
[WhiteElo "1922"]
[BlackElo "1791"]
[PlyCount "85"]
[EventDate "2017.07.14"]
[EventRounds "5"]
[EventCountry "ENG"]

1. d4 Nf6 2. Nf3 c5 3. d5 b5 4. a4 b4 5. c4 d6 6. g3 e6 7. Bg2 exd5 8. cxd5 Bb7
9. Bg5 h6 10. Bxf6 Qxf6 11. Ra2 Nd7 12. a5 Rc8 13. b3 Be7 14. O-O O-O 15. e4
Ba6 16. Re1 c4 17. bxc4 Bxc4 18. Rd2 Qa1 19. Nd4 Rfe8 20. Nc6 Nb8 21. Nxb4 Qxa5
22. Nd3 Bf6 23. Nf4 Bg5 24. Qg4 Ba2 25. Rdd1 Kh8 26. Nd2 Rc2 27. Nf3 Bxf4 28.
Qxf4 Qc5 29. Nd4 Rc4 30. Qxf7 Rg8 31. Nf5 Qc7 32. Qg6 Nd7 33. Qxd6 Rf8 34. Qxc7
Rxc7 35. Rc1 Rb7 36. Ne7 Kh7 37. e5 g6 38. f4 g5 39. Be4+ Kg7 40. Nf5+ Kh8 41.
Nd6 Rb2 42. Rf1 gxf4 43. gxf4 {Scoresheets illegible; White won in ~66 moves.}
 1-0

[Event "14th 4NCL Congress"]
[Site "Wokefield"]
[Date "2017.07.15"]
[Round "2"]
[Board "6"]
[White "Ross, Stuart"]
[Black "Tart, Peter K"]
[Result "0-1"]
[WhiteElo "1619"]
[BlackElo "1914"]
[PlyCount "84"]
[EventDate "2017.07.14"]
[EventRounds "5"]
[EventCountry "ENG"]

1. e4 e5 2. Nf3 Nf6 3. Nxe5 Nxe4 4. Qe2 Qe7 5. Nf3 Nc6 6. d3 Nf6 7. Bg5 d5 8.
Bxf6 gxf6 9. Qxe7+ Bxe7 10. Nc3 Be6 11. O-O-O d4 12. Ne2 O-O-O 13. a3 Bg4 14.
h3 Bh5 15. g4 Bg6 16. Bg2 h5 17. Rde1 Rhe8 18. gxh5 Bxh5 19. Nf4 Rg8 20. Nh4 f5
21. Rxe7 Nxe7 22. Nxh5 Rh8 23. Bf3 Rd6 24. Nxf5 Nxf5 25. Bg4 Kd8 26. Bxf5 Rxh5
27. Bg4 Re5 28. f4 Re3 29. f5 c5 30. Kd2 Ke7 31. Rg1 a5 32. h4 Rh6 33. h5 Kf6
34. c3 Ke5 35. Rf1 Rb6 36. b4 axb4 37. axb4 Ra6 38. cxd4+ cxd4 39. Bd1 Ra2+ 40.
Bc2 Rh3 41. Re1+ Kxf5 42. Re7 Rh2+ 0-1